<?xml version="1.0" encoding="UTF-8"?>
<collection xmlns="http://www.loc.gov/MARC21/slim">
<record>
  <controlfield tag="001">1128122</controlfield>
  <controlfield tag="005">20200622102018.0</controlfield>
  <datafield tag="037" ind1=" " ind2=" ">
    <subfield code="a">CERN-MOVIE-2008-084-001</subfield>
  </datafield>
  <datafield tag="041" ind1=" " ind2=" ">
    <subfield code="a">eng</subfield>
  </datafield>
  <datafield tag="100" ind1=" " ind2=" ">
    <subfield code="a">Mannmade Productions</subfield>
    <subfield code="e">Produced by</subfield>
  </datafield>
  <datafield tag="245" ind1=" " ind2=" ">
    <subfield code="a">Animation : Journey to discover the nature of mass (the Higgs Field)</subfield>
  </datafield>
  <datafield tag="260" ind1=" " ind2=" ">
    <subfield code="c">2008</subfield>
  </datafield>
  <datafield tag="269" ind1=" " ind2=" ">
    <subfield code="b">CERN Copyright</subfield>
    <subfield code="c">2008-09-10</subfield>
  </datafield>
  <datafield tag="300" ind1=" " ind2=" ">
    <subfield code="a">00:05:04.080</subfield>
    <subfield code="b">1440x1080 16/9, 25.00</subfield>
    <subfield code="c">25</subfield>
    <subfield code="d">1440x1080</subfield>
    <subfield code="e">16:9</subfield>
  </datafield>
  <datafield tag="340" ind1=" " ind2=" ">
    <subfield code="a">DVCPRO-HD</subfield>
    <subfield code="d">PAL</subfield>
  </datafield>
  <datafield tag="506" ind1="1" ind2=" ">
    <subfield code="a"></subfield>
  </datafield>
  <datafield tag="520" ind1=" " ind2=" ">
    <subfield code="a">Audio 1 : Mono Final mix with commentary Audio 2 : Mono music and FX only</subfield>
  </datafield>
  <datafield tag="542" ind1=" " ind2=" ">
    <subfield code="d">CERN</subfield>
    <subfield code="g">2008</subfield>
  </datafield>
  <datafield tag="595" ind1=" " ind2=" ">
    <subfield code="a">CERN EDS</subfield>
  </datafield>
  <datafield tag="595" ind1=" " ind2=" ">
    <subfield code="a">Press</subfield>
    <subfield code="s">Press Videos</subfield>
  </datafield>
  <datafield tag="595" ind1=" " ind2=" ">
    <subfield code="a">Press</subfield>
    <subfield code="s">Animations - Science</subfield>
  </datafield>
  <datafield tag="595" ind1=" " ind2=" ">
    <subfield code="a">Press</subfield>
    <subfield code="s">Higgs</subfield>
  </datafield>
  <datafield tag="653" ind1="1" ind2=" ">
    <subfield code="9">review</subfield>
    <subfield code="a">Accelerator</subfield>
  </datafield>
  <datafield tag="653" ind1="1" ind2=" ">
    <subfield code="9">review</subfield>
    <subfield code="a">Animation</subfield>
  </datafield>
  <datafield tag="653" ind1="1" ind2=" ">
    <subfield code="9">review</subfield>
    <subfield code="a">Beam</subfield>
  </datafield>
  <datafield tag="653" ind1="1" ind2=" ">
    <subfield code="9">review</subfield>
    <subfield code="a">Collision</subfield>
  </datafield>
  <datafield tag="653" ind1="1" ind2=" ">
    <subfield code="9">review</subfield>
    <subfield code="a">First Beam</subfield>
  </datafield>
  <datafield tag="653" ind1="1" ind2=" ">
    <subfield code="9">review</subfield>
    <subfield code="a">Higgs</subfield>
  </datafield>
  <datafield tag="653" ind1="1" ind2=" ">
    <subfield code="9">review</subfield>
    <subfield code="a">LHC</subfield>
  </datafield>
  <datafield tag="653" ind1="1" ind2=" ">
    <subfield code="9">review</subfield>
    <subfield code="a">LHCFirstPhysics</subfield>
  </datafield>
  <datafield tag="653" ind1="1" ind2=" ">
    <subfield code="9">review</subfield>
    <subfield code="a">Particle</subfield>
  </datafield>
  <datafield tag="690" ind1="C" ind2=" ">
    <subfield code="a">publvideomovie</subfield>
  </datafield>
  <datafield tag="690" ind1="C" ind2=" ">
    <subfield code="a">movingimages</subfield>
  </datafield>
  <datafield tag="693" ind1=" " ind2=" ">
    <subfield code="a">CERN LHC</subfield>
  </datafield>
  <datafield tag="700" ind1=" " ind2=" ">
    <subfield code="a">Chris Mann</subfield>
    <subfield code="e">Director</subfield>
  </datafield>
  <datafield tag="773" ind1=" " ind2=" ">
    <subfield code="o">AVW.project.948</subfield>
    <subfield code="r">CERN-MOVIE-2008-084</subfield>
  </datafield>
  <datafield tag="856" ind1="7" ind2=" ">
    <subfield code="2">MediaArchive</subfield>
    <subfield code="d">\\cern.ch\dfs\Services\MediaArchive\Video\Masters\Movies\CERN\2008\CERN-MOVIE-2008-084\Final_Output\CERN-MOVIE-2008-084-001.mov</subfield>
    <subfield code="x">Absolute master path</subfield>
  </datafield>
  <datafield tag="856" ind1="7" ind2=" ">
    <subfield code="2">MediaArchive</subfield>
    <subfield code="u">https://mediaarchive.cern.ch/MediaArchive/Video/Public/Movies/CERN/2008/CERN-MOVIE-2008-084/CERN-MOVIE-2008-084-001/CERN-MOVIE-2008-084-001-5872-kbps-1920x1080-audio-128-kbps-stereo.mp4</subfield>
    <subfield code="x">mp45872</subfield>
    <subfield code="y">5872 kbps maxH 1080 25 fps audio 128 kbps 48 kHz stereo</subfield>
  </datafield>
  <datafield tag="856" ind1="7" ind2=" ">
    <subfield code="2">MediaArchive</subfield>
    <subfield code="u">https://mediaarchive.cern.ch/MediaArchive/Video/Public/Movies/CERN/2008/CERN-MOVIE-2008-084/CERN-MOVIE-2008-084-001/CERN-MOVIE-2008-084-001-2672-kbps-1280x720-audio-128-kbps-stereo.mp4</subfield>
    <subfield code="x">mp42672</subfield>
    <subfield code="y">2672 kbps maxH 720 25 fps audio 128 kbps 48 kHz stereo</subfield>
  </datafield>
  <datafield tag="856" ind1="7" ind2=" ">
    <subfield code="2">MediaArchive</subfield>
    <subfield code="u">https://mediaarchive.cern.ch/MediaArchive/Video/Public/Movies/CERN/2008/CERN-MOVIE-2008-084/CERN-MOVIE-2008-084-001/CERN-MOVIE-2008-084-001-1436-kbps-853x480-audio-64-kbps-stereo.mp4</subfield>
    <subfield code="x">mp41436</subfield>
    <subfield code="y">1436 kbps maxH 480 25 fps audio 64 kbps 48 kHz stereo</subfield>
  </datafield>
  <datafield tag="856" ind1="7" ind2=" ">
    <subfield code="2">MediaArchive</subfield>
    <subfield code="u">https://mediaarchive.cern.ch/MediaArchive/Video/Public/Movies/CERN/2008/CERN-MOVIE-2008-084/CERN-MOVIE-2008-084-001/CERN-MOVIE-2008-084-001-836-kbps-640x360-audio-64-kbps-stereo.mp4</subfield>
    <subfield code="x">mp40836</subfield>
    <subfield code="y">0836 kbps maxH 360 25 fps audio 64 kbps 48 kHz stereo</subfield>
  </datafield>
  <datafield tag="856" ind1="7" ind2=" ">
    <subfield code="2">MediaArchive</subfield>
    <subfield code="u">https://mediaarchive.cern.ch/MediaArchive/Video/Public/Movies/CERN/2008/CERN-MOVIE-2008-084/CERN-MOVIE-2008-084-001/CERN-MOVIE-2008-084-001-386-kbps-426x240-audio-64-kbps-stereo.mp4</subfield>
    <subfield code="x">mp40386</subfield>
    <subfield code="y">0386 kbps maxH 240 15 fps audio 64 kbps 48 kHz stereo</subfield>
  </datafield>
  <datafield tag="856" ind1="7" ind2=" ">
    <subfield code="2">MediaArchive</subfield>
    <subfield code="u">https://mediaarchive.cern.ch/MediaArchive/Video/Public/Movies/CERN/2008/CERN-MOVIE-2008-084/CERN-MOVIE-2008-084-001/CERN-MOVIE-2008-084-001-posterframe-640x360-at-5-percent.jpg</subfield>
    <subfield code="x">jpgposterframe</subfield>
    <subfield code="y">posterframe 640x360 at 5 percent</subfield>
  </datafield>
  <datafield tag="856" ind1="7" ind2=" ">
    <subfield code="2">MediaArchive</subfield>
    <subfield code="u">https://mediaarchive.cern.ch/MediaArchive/Video/Public/Movies/CERN/2008/CERN-MOVIE-2008-084/CERN-MOVIE-2008-084-001/CERN-MOVIE-2008-084-001-posterframe-640x360-at-15-percent.jpg</subfield>
    <subfield code="x">jpgposterframe</subfield>
    <subfield code="y">posterframe 640x360 at 15 percent</subfield>
  </datafield>
  <datafield tag="856" ind1="7" ind2=" ">
    <subfield code="2">MediaArchive</subfield>
    <subfield code="u">https://mediaarchive.cern.ch/MediaArchive/Video/Public/Movies/CERN/2008/CERN-MOVIE-2008-084/CERN-MOVIE-2008-084-001/CERN-MOVIE-2008-084-001-posterframe-640x360-at-25-percent.jpg</subfield>
    <subfield code="x">jpgposterframe</subfield>
    <subfield code="y">posterframe 640x360 at 25 percent</subfield>
  </datafield>
  <datafield tag="856" ind1="7" ind2=" ">
    <subfield code="2">MediaArchive</subfield>
    <subfield code="u">https://mediaarchive.cern.ch/MediaArchive/Video/Public/Movies/CERN/2008/CERN-MOVIE-2008-084/CERN-MOVIE-2008-084-001/CERN-MOVIE-2008-084-001-posterframe-640x360-at-35-percent.jpg</subfield>
    <subfield code="x">jpgposterframe</subfield>
    <subfield code="y">posterframe 640x360 at 35 percent</subfield>
  </datafield>
  <datafield tag="856" ind1="7" ind2=" ">
    <subfield code="2">MediaArchive</subfield>
    <subfield code="u">https://mediaarchive.cern.ch/MediaArchive/Video/Public/Movies/CERN/2008/CERN-MOVIE-2008-084/CERN-MOVIE-2008-084-001/CERN-MOVIE-2008-084-001-posterframe-640x360-at-45-percent.jpg</subfield>
    <subfield code="x">jpgposterframe</subfield>
    <subfield code="y">posterframe 640x360 at 45 percent</subfield>
  </datafield>
  <datafield tag="856" ind1="7" ind2=" ">
    <subfield code="2">MediaArchive</subfield>
    <subfield code="u">https://mediaarchive.cern.ch/MediaArchive/Video/Public/Movies/CERN/2008/CERN-MOVIE-2008-084/CERN-MOVIE-2008-084-001/CERN-MOVIE-2008-084-001-posterframe-640x360-at-55-percent.jpg</subfield>
    <subfield code="x">jpgposterframe</subfield>
    <subfield code="y">posterframe 640x360 at 55 percent</subfield>
  </datafield>
  <datafield tag="856" ind1="7" ind2=" ">
    <subfield code="2">MediaArchive</subfield>
    <subfield code="u">https://mediaarchive.cern.ch/MediaArchive/Video/Public/Movies/CERN/2008/CERN-MOVIE-2008-084/CERN-MOVIE-2008-084-001/CERN-MOVIE-2008-084-001-posterframe-640x360-at-65-percent.jpg</subfield>
    <subfield code="x">jpgposterframe</subfield>
    <subfield code="y">posterframe 640x360 at 65 percent</subfield>
  </datafield>
  <datafield tag="856" ind1="7" ind2=" ">
    <subfield code="2">MediaArchive</subfield>
    <subfield code="u">https://mediaarchive.cern.ch/MediaArchive/Video/Public/Movies/CERN/2008/CERN-MOVIE-2008-084/CERN-MOVIE-2008-084-001/CERN-MOVIE-2008-084-001-posterframe-640x360-at-75-percent.jpg</subfield>
    <subfield code="x">jpgposterframe</subfield>
    <subfield code="y">posterframe 640x360 at 75 percent</subfield>
  </datafield>
  <datafield tag="856" ind1="7" ind2=" ">
    <subfield code="2">MediaArchive</subfield>
    <subfield code="u">https://mediaarchive.cern.ch/MediaArchive/Video/Public/Movies/CERN/2008/CERN-MOVIE-2008-084/CERN-MOVIE-2008-084-001/CERN-MOVIE-2008-084-001-posterframe-640x360-at-85-percent.jpg</subfield>
    <subfield code="x">jpgposterframe</subfield>
    <subfield code="y">posterframe 640x360 at 85 percent</subfield>
  </datafield>
  <datafield tag="856" ind1="7" ind2=" ">
    <subfield code="2">MediaArchive</subfield>
    <subfield code="u">https://mediaarchive.cern.ch/MediaArchive/Video/Public/Movies/CERN/2008/CERN-MOVIE-2008-084/CERN-MOVIE-2008-084-001/CERN-MOVIE-2008-084-001-posterframe-640x360-at-95-percent.jpg</subfield>
    <subfield code="x">jpgposterframe</subfield>
    <subfield code="y">posterframe 640x360 at 95 percent</subfield>
  </datafield>
  <datafield tag="856" ind1="7" ind2=" ">
    <subfield code="2">MediaArchive</subfield>
    <subfield code="u">https://mediaarchive.cern.ch/MediaArchive/Video/Public/Movies/CERN/2008/CERN-MOVIE-2008-084/CERN-MOVIE-2008-084-001/proxy-CERN-MOVIE-2008-084-001-posterframe-640x360-at-5-percent.jpg</subfield>
    <subfield code="x">jpgproxy-posterframe</subfield>
    <subfield code="y">proxy-posterframe 640x360 at 5 percent</subfield>
  </datafield>
  <datafield tag="856" ind1="7" ind2=" ">
    <subfield code="2">MediaArchive</subfield>
    <subfield code="u">https://mediaarchive.cern.ch/MediaArchive/Video/Public/Movies/CERN/2008/CERN-MOVIE-2008-084/CERN-MOVIE-2008-084-001/CERN-MOVIE-2008-084-001-thumbnail-176x101-at-5-percent.jpg</subfield>
    <subfield code="x">jpgthumbnail</subfield>
    <subfield code="y">thumbnail 176x101 at 5 percent</subfield>
  </datafield>
  <datafield tag="856" ind1="7" ind2=" ">
    <subfield code="2">MediaArchive</subfield>
    <subfield code="u">https://mediaarchive.cern.ch/MediaArchive/Video/Public/Movies/CERN/2008/CERN-MOVIE-2008-084/CERN-MOVIE-2008-084-001/CERN-MOVIE-2008-084-001-thumbnail-176x101-at-15-percent.jpg</subfield>
    <subfield code="x">jpgthumbnail</subfield>
    <subfield code="y">thumbnail 176x101 at 15 percent</subfield>
  </datafield>
  <datafield tag="856" ind1="7" ind2=" ">
    <subfield code="2">MediaArchive</subfield>
    <subfield code="u">https://mediaarchive.cern.ch/MediaArchive/Video/Public/Movies/CERN/2008/CERN-MOVIE-2008-084/CERN-MOVIE-2008-084-001/CERN-MOVIE-2008-084-001-thumbnail-176x101-at-25-percent.jpg</subfield>
    <subfield code="x">jpgthumbnail</subfield>
    <subfield code="y">thumbnail 176x101 at 25 percent</subfield>
  </datafield>
  <datafield tag="856" ind1="7" ind2=" ">
    <subfield code="2">MediaArchive</subfield>
    <subfield code="u">https://mediaarchive.cern.ch/MediaArchive/Video/Public/Movies/CERN/2008/CERN-MOVIE-2008-084/CERN-MOVIE-2008-084-001/CERN-MOVIE-2008-084-001-thumbnail-176x101-at-35-percent.jpg</subfield>
    <subfield code="x">jpgthumbnail</subfield>
    <subfield code="y">thumbnail 176x101 at 35 percent</subfield>
  </datafield>
  <datafield tag="856" ind1="7" ind2=" ">
    <subfield code="2">MediaArchive</subfield>
    <subfield code="u">https://mediaarchive.cern.ch/MediaArchive/Video/Public/Movies/CERN/2008/CERN-MOVIE-2008-084/CERN-MOVIE-2008-084-001/CERN-MOVIE-2008-084-001-thumbnail-176x101-at-45-percent.jpg</subfield>
    <subfield code="x">jpgthumbnail</subfield>
    <subfield code="y">thumbnail 176x101 at 45 percent</subfield>
  </datafield>
  <datafield tag="856" ind1="7" ind2=" ">
    <subfield code="2">MediaArchive</subfield>
    <subfield code="u">https://mediaarchive.cern.ch/MediaArchive/Video/Public/Movies/CERN/2008/CERN-MOVIE-2008-084/CERN-MOVIE-2008-084-001/CERN-MOVIE-2008-084-001-thumbnail-176x101-at-55-percent.jpg</subfield>
    <subfield code="x">jpgthumbnail</subfield>
    <subfield code="y">thumbnail 176x101 at 55 percent</subfield>
  </datafield>
  <datafield tag="856" ind1="7" ind2=" ">
    <subfield code="2">MediaArchive</subfield>
    <subfield code="u">https://mediaarchive.cern.ch/MediaArchive/Video/Public/Movies/CERN/2008/CERN-MOVIE-2008-084/CERN-MOVIE-2008-084-001/CERN-MOVIE-2008-084-001-thumbnail-176x101-at-65-percent.jpg</subfield>
    <subfield code="x">jpgthumbnail</subfield>
    <subfield code="y">thumbnail 176x101 at 65 percent</subfield>
  </datafield>
  <datafield tag="856" ind1="7" ind2=" ">
    <subfield code="2">MediaArchive</subfield>
    <subfield code="u">https://mediaarchive.cern.ch/MediaArchive/Video/Public/Movies/CERN/2008/CERN-MOVIE-2008-084/CERN-MOVIE-2008-084-001/CERN-MOVIE-2008-084-001-thumbnail-176x101-at-75-percent.jpg</subfield>
    <subfield code="x">jpgthumbnail</subfield>
    <subfield code="y">thumbnail 176x101 at 75 percent</subfield>
  </datafield>
  <datafield tag="856" ind1="7" ind2=" ">
    <subfield code="2">MediaArchive</subfield>
    <subfield code="u">https://mediaarchive.cern.ch/MediaArchive/Video/Public/Movies/CERN/2008/CERN-MOVIE-2008-084/CERN-MOVIE-2008-084-001/CERN-MOVIE-2008-084-001-thumbnail-176x101-at-85-percent.jpg</subfield>
    <subfield code="x">jpgthumbnail</subfield>
    <subfield code="y">thumbnail 176x101 at 85 percent</subfield>
  </datafield>
  <datafield tag="856" ind1="7" ind2=" ">
    <subfield code="2">MediaArchive</subfield>
    <subfield code="u">https://mediaarchive.cern.ch/MediaArchive/Video/Public/Movies/CERN/2008/CERN-MOVIE-2008-084/CERN-MOVIE-2008-084-001/CERN-MOVIE-2008-084-001-thumbnail-176x101-at-95-percent.jpg</subfield>
    <subfield code="x">jpgthumbnail</subfield>
    <subfield code="y">thumbnail 176x101 at 95 percent</subfield>
  </datafield>
  <datafield tag="859" ind1=" " ind2=" ">
    <subfield code="f">marion.viguier@cern.ch</subfield>
  </datafield>
  <datafield tag="960" ind1=" " ind2=" ">
    <subfield code="a">85</subfield>
  </datafield>
  <datafield tag="963" ind1=" " ind2=" ">
    <subfield code="a">PUBLIC</subfield>
  </datafield>
  <datafield tag="970" ind1=" " ind2=" ">
    <subfield code="a">AVW.clip.1127</subfield>
  </datafield>
  <datafield tag="970" ind1=" " ind2=" ">
    <subfield code="d">https://videos.cern.ch/record/1128122</subfield>
  </datafield>
  <datafield tag="980" ind1=" " ind2=" ">
    <subfield code="a">PUBLVIDEOMOVIE</subfield>
  </datafield>
  <datafield tag="980" ind1=" " ind2=" ">
    <subfield code="b">VIDEOMEDIALAB</subfield>
  </datafield>
  <datafield tag="980" ind1=" " ind2=" ">
    <subfield code="c">MIGRATED</subfield>
  </datafield>
</record>
<record>
  <controlfield tag="001">1128134</controlfield>
  <controlfield tag="005">20200622102018.0</controlfield>
  <datafield tag="037" ind1=" " ind2=" ">
    <subfield code="a">CERN-MOVIE-2008-087-001</subfield>
  </datafield>
  <datafield tag="041" ind1=" " ind2=" ">
    <subfield code="a">eng</subfield>
  </datafield>
  <datafield tag="100" ind1=" " ind2=" ">
    <subfield code="a">Mannmade Productions</subfield>
    <subfield code="e">Produced by</subfield>
  </datafield>
  <datafield tag="245" ind1=" " ind2=" ">
    <subfield code="a">Animation : Journey to Discover Answers</subfield>
  </datafield>
  <datafield tag="260" ind1=" " ind2=" ">
    <subfield code="c">2008</subfield>
  </datafield>
  <datafield tag="269" ind1=" " ind2=" ">
    <subfield code="c">2008-09-10</subfield>
  </datafield>
  <datafield tag="300" ind1=" " ind2=" ">
    <subfield code="a">00:06:21.480</subfield>
    <subfield code="b">1440x1080 16/9, 25.00</subfield>
    <subfield code="c">25</subfield>
    <subfield code="d">1440x1080</subfield>
    <subfield code="e">16:9</subfield>
  </datafield>
  <datafield tag="340" ind1=" " ind2=" ">
    <subfield code="a">DVCPRO-HD</subfield>
    <subfield code="d">PAL</subfield>
  </datafield>
  <datafield tag="506" ind1="1" ind2=" ">
    <subfield code="a"></subfield>
  </datafield>
  <datafield tag="520" ind1=" " ind2=" ">
    <subfield code="a">Audio 1 : Mono Final mix inc commentary Audio 2 : Mono Music and FX only</subfield>
  </datafield>
  <datafield tag="542" ind1=" " ind2=" ">
    <subfield code="d">CERN</subfield>
    <subfield code="g">2008</subfield>
  </datafield>
  <datafield tag="595" ind1=" " ind2=" ">
    <subfield code="a">CERN EDS</subfield>
  </datafield>
  <datafield tag="595" ind1=" " ind2=" ">
    <subfield code="a">Press</subfield>
    <subfield code="s">Press Videos</subfield>
  </datafield>
  <datafield tag="595" ind1=" " ind2=" ">
    <subfield code="a">Press</subfield>
    <subfield code="s">Animations - Science</subfield>
  </datafield>
  <datafield tag="653" ind1="1" ind2=" ">
    <subfield code="9">review</subfield>
    <subfield code="a">Accelerator</subfield>
  </datafield>
  <datafield tag="653" ind1="1" ind2=" ">
    <subfield code="9">review</subfield>
    <subfield code="a">Beam</subfield>
  </datafield>
  <datafield tag="653" ind1="1" ind2=" ">
    <subfield code="9">review</subfield>
    <subfield code="a">Collision</subfield>
  </datafield>
  <datafield tag="653" ind1="1" ind2=" ">
    <subfield code="9">review</subfield>
    <subfield code="a">First Beam</subfield>
  </datafield>
  <datafield tag="653" ind1="1" ind2=" ">
    <subfield code="9">review</subfield>
    <subfield code="a">LHC</subfield>
  </datafield>
  <datafield tag="653" ind1="1" ind2=" ">
    <subfield code="9">review</subfield>
    <subfield code="a">Particle</subfield>
  </datafield>
  <datafield tag="653" ind1="1" ind2=" ">
    <subfield code="9">review</subfield>
    <subfield code="a">Supersymmetry</subfield>
  </datafield>
  <datafield tag="653" ind1="1" ind2=" ">
    <subfield code="9">review</subfield>
    <subfield code="a">SUSY</subfield>
  </datafield>
  <datafield tag="690" ind1="C" ind2=" ">
    <subfield code="a">publvideomovie</subfield>
  </datafield>
  <datafield tag="690" ind1="C" ind2=" ">
    <subfield code="a">movingimages</subfield>
  </datafield>
  <datafield tag="693" ind1=" " ind2=" ">
    <subfield code="a">CERN LHC</subfield>
  </datafield>
  <datafield tag="700" ind1=" " ind2=" ">
    <subfield code="a">Chris Mann</subfield>
    <subfield code="e">Director</subfield>
  </datafield>
  <datafield tag="773" ind1=" " ind2=" ">
    <subfield code="o">AVW.project.951</subfield>
    <subfield code="r">CERN-MOVIE-2008-087</subfield>
  </datafield>
  <datafield tag="856" ind1="7" ind2=" ">
    <subfield code="2">MediaArchive</subfield>
    <subfield code="d">\\cern.ch\dfs\Services\MediaArchive\Video\Masters\Movies\CERN\2008\CERN-MOVIE-2008-087\Final_Output\CERN-MOVIE-2008-087-001.mov</subfield>
    <subfield code="x">Absolute master path</subfield>
  </datafield>
  <datafield tag="856" ind1="7" ind2=" ">
    <subfield code="2">MediaArchive</subfield>
    <subfield code="u">https://mediaarchive.cern.ch/MediaArchive/Video/Public/Movies/CERN/2008/CERN-MOVIE-2008-087/CERN-MOVIE-2008-087-001/CERN-MOVIE-2008-087-001-5872-kbps-1920x1080-audio-128-kbps-stereo.mp4</subfield>
    <subfield code="x">mp45872</subfield>
    <subfield code="y">5872 kbps maxH 1080 25 fps audio 128 kbps 48 kHz stereo</subfield>
  </datafield>
  <datafield tag="856" ind1="7" ind2=" ">
    <subfield code="2">MediaArchive</subfield>
    <subfield code="u">https://mediaarchive.cern.ch/MediaArchive/Video/Public/Movies/CERN/2008/CERN-MOVIE-2008-087/CERN-MOVIE-2008-087-001/CERN-MOVIE-2008-087-001-2672-kbps-1280x720-audio-128-kbps-stereo.mp4</subfield>
    <subfield code="x">mp42672</subfield>
    <subfield code="y">2672 kbps maxH 720 25 fps audio 128 kbps 48 kHz stereo</subfield>
  </datafield>
  <datafield tag="856" ind1="7" ind2=" ">
    <subfield code="2">MediaArchive</subfield>
    <subfield code="u">https://mediaarchive.cern.ch/MediaArchive/Video/Public/Movies/CERN/2008/CERN-MOVIE-2008-087/CERN-MOVIE-2008-087-001/CERN-MOVIE-2008-087-001-1436-kbps-853x480-audio-64-kbps-stereo.mp4</subfield>
    <subfield code="x">mp41436</subfield>
    <subfield code="y">1436 kbps maxH 480 25 fps audio 64 kbps 48 kHz stereo</subfield>
  </datafield>
  <datafield tag="856" ind1="7" ind2=" ">
    <subfield code="2">MediaArchive</subfield>
    <subfield code="u">https://mediaarchive.cern.ch/MediaArchive/Video/Public/Movies/CERN/2008/CERN-MOVIE-2008-087/CERN-MOVIE-2008-087-001/CERN-MOVIE-2008-087-001-836-kbps-640x360-audio-64-kbps-stereo.mp4</subfield>
    <subfield code="x">mp40836</subfield>
    <subfield code="y">0836 kbps maxH 360 25 fps audio 64 kbps 48 kHz stereo</subfield>
  </datafield>
  <datafield tag="856" ind1="7" ind2=" ">
    <subfield code="2">MediaArchive</subfield>
    <subfield code="u">https://mediaarchive.cern.ch/MediaArchive/Video/Public/Movies/CERN/2008/CERN-MOVIE-2008-087/CERN-MOVIE-2008-087-001/CERN-MOVIE-2008-087-001-386-kbps-426x240-audio-64-kbps-stereo.mp4</subfield>
    <subfield code="x">mp40386</subfield>
    <subfield code="y">0386 kbps maxH 240 15 fps audio 64 kbps 48 kHz stereo</subfield>
  </datafield>
  <datafield tag="856" ind1="7" ind2=" ">
    <subfield code="2">MediaArchive</subfield>
    <subfield code="u">https://mediaarchive.cern.ch/MediaArchive/Video/Public/Movies/CERN/2008/CERN-MOVIE-2008-087/CERN-MOVIE-2008-087-001/CERN-MOVIE-2008-087-001-posterframe-640x360-at-5-percent.jpg</subfield>
    <subfield code="x">jpgposterframe</subfield>
    <subfield code="y">posterframe 640x360 at 5 percent</subfield>
  </datafield>
  <datafield tag="856" ind1="7" ind2=" ">
    <subfield code="2">MediaArchive</subfield>
    <subfield code="u">https://mediaarchive.cern.ch/MediaArchive/Video/Public/Movies/CERN/2008/CERN-MOVIE-2008-087/CERN-MOVIE-2008-087-001/CERN-MOVIE-2008-087-001-posterframe-640x360-at-15-percent.jpg</subfield>
    <subfield code="x">jpgposterframe</subfield>
    <subfield code="y">posterframe 640x360 at 15 percent</subfield>
  </datafield>
  <datafield tag="856" ind1="7" ind2=" ">
    <subfield code="2">MediaArchive</subfield>
    <subfield code="u">https://mediaarchive.cern.ch/MediaArchive/Video/Public/Movies/CERN/2008/CERN-MOVIE-2008-087/CERN-MOVIE-2008-087-001/CERN-MOVIE-2008-087-001-posterframe-640x360-at-25-percent.jpg</subfield>
    <subfield code="x">jpgposterframe</subfield>
    <subfield code="y">posterframe 640x360 at 25 percent</subfield>
  </datafield>
  <datafield tag="856" ind1="7" ind2=" ">
    <subfield code="2">MediaArchive</subfield>
    <subfield code="u">https://mediaarchive.cern.ch/MediaArchive/Video/Public/Movies/CERN/2008/CERN-MOVIE-2008-087/CERN-MOVIE-2008-087-001/CERN-MOVIE-2008-087-001-posterframe-640x360-at-35-percent.jpg</subfield>
    <subfield code="x">jpgposterframe</subfield>
    <subfield code="y">posterframe 640x360 at 35 percent</subfield>
  </datafield>
  <datafield tag="856" ind1="7" ind2=" ">
    <subfield code="2">MediaArchive</subfield>
    <subfield code="u">https://mediaarchive.cern.ch/MediaArchive/Video/Public/Movies/CERN/2008/CERN-MOVIE-2008-087/CERN-MOVIE-2008-087-001/CERN-MOVIE-2008-087-001-posterframe-640x360-at-45-percent.jpg</subfield>
    <subfield code="x">jpgposterframe</subfield>
    <subfield code="y">posterframe 640x360 at 45 percent</subfield>
  </datafield>
  <datafield tag="856" ind1="7" ind2=" ">
    <subfield code="2">MediaArchive</subfield>
    <subfield code="u">https://mediaarchive.cern.ch/MediaArchive/Video/Public/Movies/CERN/2008/CERN-MOVIE-2008-087/CERN-MOVIE-2008-087-001/CERN-MOVIE-2008-087-001-posterframe-640x360-at-55-percent.jpg</subfield>
    <subfield code="x">jpgposterframe</subfield>
    <subfield code="y">posterframe 640x360 at 55 percent</subfield>
  </datafield>
  <datafield tag="856" ind1="7" ind2=" ">
    <subfield code="2">MediaArchive</subfield>
    <subfield code="u">https://mediaarchive.cern.ch/MediaArchive/Video/Public/Movies/CERN/2008/CERN-MOVIE-2008-087/CERN-MOVIE-2008-087-001/CERN-MOVIE-2008-087-001-posterframe-640x360-at-65-percent.jpg</subfield>
    <subfield code="x">jpgposterframe</subfield>
    <subfield code="y">posterframe 640x360 at 65 percent</subfield>
  </datafield>
  <datafield tag="856" ind1="7" ind2=" ">
    <subfield code="2">MediaArchive</subfield>
    <subfield code="u">https://mediaarchive.cern.ch/MediaArchive/Video/Public/Movies/CERN/2008/CERN-MOVIE-2008-087/CERN-MOVIE-2008-087-001/CERN-MOVIE-2008-087-001-posterframe-640x360-at-75-percent.jpg</subfield>
    <subfield code="x">jpgposterframe</subfield>
    <subfield code="y">posterframe 640x360 at 75 percent</subfield>
  </datafield>
  <datafield tag="856" ind1="7" ind2=" ">
    <subfield code="2">MediaArchive</subfield>
    <subfield code="u">https://mediaarchive.cern.ch/MediaArchive/Video/Public/Movies/CERN/2008/CERN-MOVIE-2008-087/CERN-MOVIE-2008-087-001/CERN-MOVIE-2008-087-001-posterframe-640x360-at-85-percent.jpg</subfield>
    <subfield code="x">jpgposterframe</subfield>
    <subfield code="y">posterframe 640x360 at 85 percent</subfield>
  </datafield>
  <datafield tag="856" ind1="7" ind2=" ">
    <subfield code="2">MediaArchive</subfield>
    <subfield code="u">https://mediaarchive.cern.ch/MediaArchive/Video/Public/Movies/CERN/2008/CERN-MOVIE-2008-087/CERN-MOVIE-2008-087-001/CERN-MOVIE-2008-087-001-posterframe-640x360-at-95-percent.jpg</subfield>
    <subfield code="x">jpgposterframe</subfield>
    <subfield code="y">posterframe 640x360 at 95 percent</subfield>
  </datafield>
  <datafield tag="856" ind1="7" ind2=" ">
    <subfield code="2">MediaArchive</subfield>
    <subfield code="u">https://mediaarchive.cern.ch/MediaArchive/Video/Public/Movies/CERN/2008/CERN-MOVIE-2008-087/CERN-MOVIE-2008-087-001/proxy-CERN-MOVIE-2008-087-001-posterframe-640x360-at-5-percent.jpg</subfield>
    <subfield code="x">jpgproxy-posterframe</subfield>
    <subfield code="y">proxy-posterframe 640x360 at 5 percent</subfield>
  </datafield>
  <datafield tag="856" ind1="7" ind2=" ">
    <subfield code="2">MediaArchive</subfield>
    <subfield code="u">https://mediaarchive.cern.ch/MediaArchive/Video/Public/Movies/CERN/2008/CERN-MOVIE-2008-087/CERN-MOVIE-2008-087-001/CERN-MOVIE-2008-087-001-thumbnail-176x101-at-5-percent.jpg</subfield>
    <subfield code="x">jpgthumbnail</subfield>
    <subfield code="y">thumbnail 176x101 at 5 percent</subfield>
  </datafield>
  <datafield tag="856" ind1="7" ind2=" ">
    <subfield code="2">MediaArchive</subfield>
    <subfield code="u">https://mediaarchive.cern.ch/MediaArchive/Video/Public/Movies/CERN/2008/CERN-MOVIE-2008-087/CERN-MOVIE-2008-087-001/CERN-MOVIE-2008-087-001-thumbnail-176x101-at-15-percent.jpg</subfield>
    <subfield code="x">jpgthumbnail</subfield>
    <subfield code="y">thumbnail 176x101 at 15 percent</subfield>
  </datafield>
  <datafield tag="856" ind1="7" ind2=" ">
    <subfield code="2">MediaArchive</subfield>
    <subfield code="u">https://mediaarchive.cern.ch/MediaArchive/Video/Public/Movies/CERN/2008/CERN-MOVIE-2008-087/CERN-MOVIE-2008-087-001/CERN-MOVIE-2008-087-001-thumbnail-176x101-at-25-percent.jpg</subfield>
    <subfield code="x">jpgthumbnail</subfield>
    <subfield code="y">thumbnail 176x101 at 25 percent</subfield>
  </datafield>
  <datafield tag="856" ind1="7" ind2=" ">
    <subfield code="2">MediaArchive</subfield>
    <subfield code="u">https://mediaarchive.cern.ch/MediaArchive/Video/Public/Movies/CERN/2008/CERN-MOVIE-2008-087/CERN-MOVIE-2008-087-001/CERN-MOVIE-2008-087-001-thumbnail-176x101-at-35-percent.jpg</subfield>
    <subfield code="x">jpgthumbnail</subfield>
    <subfield code="y">thumbnail 176x101 at 35 percent</subfield>
  </datafield>
  <datafield tag="856" ind1="7" ind2=" ">
    <subfield code="2">MediaArchive</subfield>
    <subfield code="u">https://mediaarchive.cern.ch/MediaArchive/Video/Public/Movies/CERN/2008/CERN-MOVIE-2008-087/CERN-MOVIE-2008-087-001/CERN-MOVIE-2008-087-001-thumbnail-176x101-at-45-percent.jpg</subfield>
    <subfield code="x">jpgthumbnail</subfield>
    <subfield code="y">thumbnail 176x101 at 45 percent</subfield>
  </datafield>
  <datafield tag="856" ind1="7" ind2=" ">
    <subfield code="2">MediaArchive</subfield>
    <subfield code="u">https://mediaarchive.cern.ch/MediaArchive/Video/Public/Movies/CERN/2008/CERN-MOVIE-2008-087/CERN-MOVIE-2008-087-001/CERN-MOVIE-2008-087-001-thumbnail-176x101-at-55-percent.jpg</subfield>
    <subfield code="x">jpgthumbnail</subfield>
    <subfield code="y">thumbnail 176x101 at 55 percent</subfield>
  </datafield>
  <datafield tag="856" ind1="7" ind2=" ">
    <subfield code="2">MediaArchive</subfield>
    <subfield code="u">https://mediaarchive.cern.ch/MediaArchive/Video/Public/Movies/CERN/2008/CERN-MOVIE-2008-087/CERN-MOVIE-2008-087-001/CERN-MOVIE-2008-087-001-thumbnail-176x101-at-65-percent.jpg</subfield>
    <subfield code="x">jpgthumbnail</subfield>
    <subfield code="y">thumbnail 176x101 at 65 percent</subfield>
  </datafield>
  <datafield tag="856" ind1="7" ind2=" ">
    <subfield code="2">MediaArchive</subfield>
    <subfield code="u">https://mediaarchive.cern.ch/MediaArchive/Video/Public/Movies/CERN/2008/CERN-MOVIE-2008-087/CERN-MOVIE-2008-087-001/CERN-MOVIE-2008-087-001-thumbnail-176x101-at-75-percent.jpg</subfield>
    <subfield code="x">jpgthumbnail</subfield>
    <subfield code="y">thumbnail 176x101 at 75 percent</subfield>
  </datafield>
  <datafield tag="856" ind1="7" ind2=" ">
    <subfield code="2">MediaArchive</subfield>
    <subfield code="u">https://mediaarchive.cern.ch/MediaArchive/Video/Public/Movies/CERN/2008/CERN-MOVIE-2008-087/CERN-MOVIE-2008-087-001/CERN-MOVIE-2008-087-001-thumbnail-176x101-at-85-percent.jpg</subfield>
    <subfield code="x">jpgthumbnail</subfield>
    <subfield code="y">thumbnail 176x101 at 85 percent</subfield>
  </datafield>
  <datafield tag="856" ind1="7" ind2=" ">
    <subfield code="2">MediaArchive</subfield>
    <subfield code="u">https://mediaarchive.cern.ch/MediaArchive/Video/Public/Movies/CERN/2008/CERN-MOVIE-2008-087/CERN-MOVIE-2008-087-001/CERN-MOVIE-2008-087-001-thumbnail-176x101-at-95-percent.jpg</subfield>
    <subfield code="x">jpgthumbnail</subfield>
    <subfield code="y">thumbnail 176x101 at 95 percent</subfield>
  </datafield>
  <datafield tag="859" ind1=" " ind2=" ">
    <subfield code="f">christiane.montarbaudr@cern.ch</subfield>
  </datafield>
  <datafield tag="937" ind1=" " ind2=" ">
    <subfield code="c">11 Aug 2017</subfield>
    <subfield code="s"></subfield>
  </datafield>
  <datafield tag="960" ind1=" " ind2=" ">
    <subfield code="a">85</subfield>
  </datafield>
  <datafield tag="963" ind1=" " ind2=" ">
    <subfield code="a">PUBLIC</subfield>
  </datafield>
  <datafield tag="970" ind1=" " ind2=" ">
    <subfield code="a">AVW.clip.1133</subfield>
  </datafield>
  <datafield tag="970" ind1=" " ind2=" ">
    <subfield code="d">https://videos.cern.ch/record/1128134</subfield>
  </datafield>
  <datafield tag="980" ind1=" " ind2=" ">
    <subfield code="a">PUBLVIDEOMOVIE</subfield>
  </datafield>
  <datafield tag="980" ind1=" " ind2=" ">
    <subfield code="b">VIDEOMEDIALAB</subfield>
  </datafield>
  <datafield tag="980" ind1=" " ind2=" ">
    <subfield code="c">MIGRATED</subfield>
  </datafield>
</record>
<record>
  <controlfield tag="001">1128123</controlfield>
  <controlfield tag="005">20200622102018.0</controlfield>
  <datafield tag="037" ind1=" " ind2=" ">
    <subfield code="a">CERN-MOVIE-2008-085-001</subfield>
  </datafield>
  <datafield tag="041" ind1=" " ind2=" ">
    <subfield code="a">eng</subfield>
  </datafield>
  <datafield tag="100" ind1=" " ind2=" ">
    <subfield code="a">Mannmade Productions</subfield>
    <subfield code="e">Produced by</subfield>
  </datafield>
  <datafield tag="245" ind1=" " ind2=" ">
    <subfield code="a">Animation : Journey to the unimaginably small</subfield>
  </datafield>
  <datafield tag="260" ind1=" " ind2=" ">
    <subfield code="c">2008</subfield>
  </datafield>
  <datafield tag="269" ind1=" " ind2=" ">
    <subfield code="c">2008-09-10</subfield>
  </datafield>
  <datafield tag="300" ind1=" " ind2=" ">
    <subfield code="a">00:02:27.640</subfield>
    <subfield code="b">1440x1080 16/9, 25.00</subfield>
    <subfield code="c">25</subfield>
    <subfield code="d">1440x1080</subfield>
    <subfield code="e">16:9</subfield>
  </datafield>
  <datafield tag="340" ind1=" " ind2=" ">
    <subfield code="a">DVCPRO-HD</subfield>
    <subfield code="d">PAL</subfield>
  </datafield>
  <datafield tag="506" ind1="1" ind2=" ">
    <subfield code="a"></subfield>
  </datafield>
  <datafield tag="520" ind1=" " ind2=" ">
    <subfield code="a">Audio 1 : Mono Final Mix inc commentary Audio 2 : Mono Music and FX only</subfield>
  </datafield>
  <datafield tag="542" ind1=" " ind2=" ">
    <subfield code="d">CERN</subfield>
    <subfield code="g">2008</subfield>
  </datafield>
  <datafield tag="595" ind1=" " ind2=" ">
    <subfield code="a">CERN EDS</subfield>
  </datafield>
  <datafield tag="595" ind1=" " ind2=" ">
    <subfield code="a">Press</subfield>
    <subfield code="s">Press Videos</subfield>
  </datafield>
  <datafield tag="595" ind1=" " ind2=" ">
    <subfield code="a">Press</subfield>
    <subfield code="s">Animations - Science</subfield>
  </datafield>
  <datafield tag="653" ind1="1" ind2=" ">
    <subfield code="9">review</subfield>
    <subfield code="a">Accelerator</subfield>
  </datafield>
  <datafield tag="653" ind1="1" ind2=" ">
    <subfield code="9">review</subfield>
    <subfield code="a">Animation</subfield>
  </datafield>
  <datafield tag="653" ind1="1" ind2=" ">
    <subfield code="9">review</subfield>
    <subfield code="a">Beam</subfield>
  </datafield>
  <datafield tag="653" ind1="1" ind2=" ">
    <subfield code="9">review</subfield>
    <subfield code="a">First Beam</subfield>
  </datafield>
  <datafield tag="653" ind1="1" ind2=" ">
    <subfield code="9">review</subfield>
    <subfield code="a">LHC</subfield>
  </datafield>
  <datafield tag="653" ind1="1" ind2=" ">
    <subfield code="9">review</subfield>
    <subfield code="a">LHCFirstPhysics</subfield>
  </datafield>
  <datafield tag="653" ind1="1" ind2=" ">
    <subfield code="9">review</subfield>
    <subfield code="a">Particle</subfield>
  </datafield>
  <datafield tag="690" ind1="C" ind2=" ">
    <subfield code="a">publvideomovie</subfield>
  </datafield>
  <datafield tag="690" ind1="C" ind2=" ">
    <subfield code="a">movingimages</subfield>
  </datafield>
  <datafield tag="693" ind1=" " ind2=" ">
    <subfield code="a">CERN LHC</subfield>
  </datafield>
  <datafield tag="700" ind1=" " ind2=" ">
    <subfield code="a">Chris Mann</subfield>
    <subfield code="e">Director</subfield>
  </datafield>
  <datafield tag="773" ind1=" " ind2=" ">
    <subfield code="o">AVW.project.949</subfield>
    <subfield code="r">CERN-MOVIE-2008-085</subfield>
  </datafield>
  <datafield tag="856" ind1="7" ind2=" ">
    <subfield code="2">MediaArchive</subfield>
    <subfield code="d">\\cern.ch\dfs\Services\MediaArchive\Video\Masters\Movies\CERN\2008\CERN-MOVIE-2008-085\Final_Output\CERN-MOVIE-2008-085-001.mov</subfield>
    <subfield code="x">Absolute master path</subfield>
  </datafield>
  <datafield tag="856" ind1="7" ind2=" ">
    <subfield code="2">MediaArchive</subfield>
    <subfield code="u">https://mediaarchive.cern.ch/MediaArchive/Video/Public/Movies/CERN/2008/CERN-MOVIE-2008-085/CERN-MOVIE-2008-085-001/CERN-MOVIE-2008-085-001-5872-kbps-1920x1080-audio-128-kbps-stereo.mp4</subfield>
    <subfield code="x">mp45872</subfield>
    <subfield code="y">5872 kbps maxH 1080 25 fps audio 128 kbps 48 kHz stereo</subfield>
  </datafield>
  <datafield tag="856" ind1="7" ind2=" ">
    <subfield code="2">MediaArchive</subfield>
    <subfield code="u">https://mediaarchive.cern.ch/MediaArchive/Video/Public/Movies/CERN/2008/CERN-MOVIE-2008-085/CERN-MOVIE-2008-085-001/CERN-MOVIE-2008-085-001-2672-kbps-1280x720-audio-128-kbps-stereo.mp4</subfield>
    <subfield code="x">mp42672</subfield>
    <subfield code="y">2672 kbps maxH 720 25 fps audio 128 kbps 48 kHz stereo</subfield>
  </datafield>
  <datafield tag="856" ind1="7" ind2=" ">
    <subfield code="2">MediaArchive</subfield>
    <subfield code="u">https://mediaarchive.cern.ch/MediaArchive/Video/Public/Movies/CERN/2008/CERN-MOVIE-2008-085/CERN-MOVIE-2008-085-001/CERN-MOVIE-2008-085-001-1436-kbps-853x480-audio-64-kbps-stereo.mp4</subfield>
    <subfield code="x">mp41436</subfield>
    <subfield code="y">1436 kbps maxH 480 25 fps audio 64 kbps 48 kHz stereo</subfield>
  </datafield>
  <datafield tag="856" ind1="7" ind2=" ">
    <subfield code="2">MediaArchive</subfield>
    <subfield code="u">https://mediaarchive.cern.ch/MediaArchive/Video/Public/Movies/CERN/2008/CERN-MOVIE-2008-085/CERN-MOVIE-2008-085-001/CERN-MOVIE-2008-085-001-836-kbps-640x360-audio-64-kbps-stereo.mp4</subfield>
    <subfield code="x">mp40836</subfield>
    <subfield code="y">0836 kbps maxH 360 25 fps audio 64 kbps 48 kHz stereo</subfield>
  </datafield>
  <datafield tag="856" ind1="7" ind2=" ">
    <subfield code="2">MediaArchive</subfield>
    <subfield code="u">https://mediaarchive.cern.ch/MediaArchive/Video/Public/Movies/CERN/2008/CERN-MOVIE-2008-085/CERN-MOVIE-2008-085-001/CERN-MOVIE-2008-085-001-386-kbps-426x240-audio-64-kbps-stereo.mp4</subfield>
    <subfield code="x">mp40386</subfield>
    <subfield code="y">0386 kbps maxH 240 15 fps audio 64 kbps 48 kHz stereo</subfield>
  </datafield>
  <datafield tag="856" ind1="7" ind2=" ">
    <subfield code="2">MediaArchive</subfield>
    <subfield code="u">https://mediaarchive.cern.ch/MediaArchive/Video/Public/Movies/CERN/2008/CERN-MOVIE-2008-085/CERN-MOVIE-2008-085-001/CERN-MOVIE-2008-085-001-posterframe-640x360-at-5-percent.jpg</subfield>
    <subfield code="x">jpgposterframe</subfield>
    <subfield code="y">posterframe 640x360 at 5 percent</subfield>
  </datafield>
  <datafield tag="856" ind1="7" ind2=" ">
    <subfield code="2">MediaArchive</subfield>
    <subfield code="u">https://mediaarchive.cern.ch/MediaArchive/Video/Public/Movies/CERN/2008/CERN-MOVIE-2008-085/CERN-MOVIE-2008-085-001/CERN-MOVIE-2008-085-001-posterframe-640x360-at-15-percent.jpg</subfield>
    <subfield code="x">jpgposterframe</subfield>
    <subfield code="y">posterframe 640x360 at 15 percent</subfield>
  </datafield>
  <datafield tag="856" ind1="7" ind2=" ">
    <subfield code="2">MediaArchive</subfield>
    <subfield code="u">https://mediaarchive.cern.ch/MediaArchive/Video/Public/Movies/CERN/2008/CERN-MOVIE-2008-085/CERN-MOVIE-2008-085-001/CERN-MOVIE-2008-085-001-posterframe-640x360-at-25-percent.jpg</subfield>
    <subfield code="x">jpgposterframe</subfield>
    <subfield code="y">posterframe 640x360 at 25 percent</subfield>
  </datafield>
  <datafield tag="856" ind1="7" ind2=" ">
    <subfield code="2">MediaArchive</subfield>
    <subfield code="u">https://mediaarchive.cern.ch/MediaArchive/Video/Public/Movies/CERN/2008/CERN-MOVIE-2008-085/CERN-MOVIE-2008-085-001/CERN-MOVIE-2008-085-001-posterframe-640x360-at-35-percent.jpg</subfield>
    <subfield code="x">jpgposterframe</subfield>
    <subfield code="y">posterframe 640x360 at 35 percent</subfield>
  </datafield>
  <datafield tag="856" ind1="7" ind2=" ">
    <subfield code="2">MediaArchive</subfield>
    <subfield code="u">https://mediaarchive.cern.ch/MediaArchive/Video/Public/Movies/CERN/2008/CERN-MOVIE-2008-085/CERN-MOVIE-2008-085-001/CERN-MOVIE-2008-085-001-posterframe-640x360-at-45-percent.jpg</subfield>
    <subfield code="x">jpgposterframe</subfield>
    <subfield code="y">posterframe 640x360 at 45 percent</subfield>
  </datafield>
  <datafield tag="856" ind1="7" ind2=" ">
    <subfield code="2">MediaArchive</subfield>
    <subfield code="u">https://mediaarchive.cern.ch/MediaArchive/Video/Public/Movies/CERN/2008/CERN-MOVIE-2008-085/CERN-MOVIE-2008-085-001/CERN-MOVIE-2008-085-001-posterframe-640x360-at-55-percent.jpg</subfield>
    <subfield code="x">jpgposterframe</subfield>
    <subfield code="y">posterframe 640x360 at 55 percent</subfield>
  </datafield>
  <datafield tag="856" ind1="7" ind2=" ">
    <subfield code="2">MediaArchive</subfield>
    <subfield code="u">https://mediaarchive.cern.ch/MediaArchive/Video/Public/Movies/CERN/2008/CERN-MOVIE-2008-085/CERN-MOVIE-2008-085-001/CERN-MOVIE-2008-085-001-posterframe-640x360-at-65-percent.jpg</subfield>
    <subfield code="x">jpgposterframe</subfield>
    <subfield code="y">posterframe 640x360 at 65 percent</subfield>
  </datafield>
  <datafield tag="856" ind1="7" ind2=" ">
    <subfield code="2">MediaArchive</subfield>
    <subfield code="u">https://mediaarchive.cern.ch/MediaArchive/Video/Public/Movies/CERN/2008/CERN-MOVIE-2008-085/CERN-MOVIE-2008-085-001/CERN-MOVIE-2008-085-001-posterframe-640x360-at-75-percent.jpg</subfield>
    <subfield code="x">jpgposterframe</subfield>
    <subfield code="y">posterframe 640x360 at 75 percent</subfield>
  </datafield>
  <datafield tag="856" ind1="7" ind2=" ">
    <subfield code="2">MediaArchive</subfield>
    <subfield code="u">https://mediaarchive.cern.ch/MediaArchive/Video/Public/Movies/CERN/2008/CERN-MOVIE-2008-085/CERN-MOVIE-2008-085-001/CERN-MOVIE-2008-085-001-posterframe-640x360-at-85-percent.jpg</subfield>
    <subfield code="x">jpgposterframe</subfield>
    <subfield code="y">posterframe 640x360 at 85 percent</subfield>
  </datafield>
  <datafield tag="856" ind1="7" ind2=" ">
    <subfield code="2">MediaArchive</subfield>
    <subfield code="u">https://mediaarchive.cern.ch/MediaArchive/Video/Public/Movies/CERN/2008/CERN-MOVIE-2008-085/CERN-MOVIE-2008-085-001/CERN-MOVIE-2008-085-001-posterframe-640x360-at-95-percent.jpg</subfield>
    <subfield code="x">jpgposterframe</subfield>
    <subfield code="y">posterframe 640x360 at 95 percent</subfield>
  </datafield>
  <datafield tag="856" ind1="7" ind2=" ">
    <subfield code="2">MediaArchive</subfield>
    <subfield code="u">https://mediaarchive.cern.ch/MediaArchive/Video/Public/Movies/CERN/2008/CERN-MOVIE-2008-085/CERN-MOVIE-2008-085-001/proxy-CERN-MOVIE-2008-085-001-posterframe-640x360-at-5-percent.jpg</subfield>
    <subfield code="x">jpgproxy-posterframe</subfield>
    <subfield code="y">proxy-posterframe 640x360 at 5 percent</subfield>
  </datafield>
  <datafield tag="856" ind1="7" ind2=" ">
    <subfield code="2">MediaArchive</subfield>
    <subfield code="u">https://mediaarchive.cern.ch/MediaArchive/Video/Public/Movies/CERN/2008/CERN-MOVIE-2008-085/CERN-MOVIE-2008-085-001/CERN-MOVIE-2008-085-001-thumbnail-180x101-at-5-percent.jpg</subfield>
    <subfield code="x">jpgthumbnail</subfield>
    <subfield code="y">thumbnail 180x101 at 5 percent</subfield>
  </datafield>
  <datafield tag="856" ind1="7" ind2=" ">
    <subfield code="2">MediaArchive</subfield>
    <subfield code="u">https://mediaarchive.cern.ch/MediaArchive/Video/Public/Movies/CERN/2008/CERN-MOVIE-2008-085/CERN-MOVIE-2008-085-001/CERN-MOVIE-2008-085-001-thumbnail-180x101-at-15-percent.jpg</subfield>
    <subfield code="x">jpgthumbnail</subfield>
    <subfield code="y">thumbnail 180x101 at 15 percent</subfield>
  </datafield>
  <datafield tag="856" ind1="7" ind2=" ">
    <subfield code="2">MediaArchive</subfield>
    <subfield code="u">https://mediaarchive.cern.ch/MediaArchive/Video/Public/Movies/CERN/2008/CERN-MOVIE-2008-085/CERN-MOVIE-2008-085-001/CERN-MOVIE-2008-085-001-thumbnail-180x101-at-25-percent.jpg</subfield>
    <subfield code="x">jpgthumbnail</subfield>
    <subfield code="y">thumbnail 180x101 at 25 percent</subfield>
  </datafield>
  <datafield tag="856" ind1="7" ind2=" ">
    <subfield code="2">MediaArchive</subfield>
    <subfield code="u">https://mediaarchive.cern.ch/MediaArchive/Video/Public/Movies/CERN/2008/CERN-MOVIE-2008-085/CERN-MOVIE-2008-085-001/CERN-MOVIE-2008-085-001-thumbnail-180x101-at-35-percent.jpg</subfield>
    <subfield code="x">jpgthumbnail</subfield>
    <subfield code="y">thumbnail 180x101 at 35 percent</subfield>
  </datafield>
  <datafield tag="856" ind1="7" ind2=" ">
    <subfield code="2">MediaArchive</subfield>
    <subfield code="u">https://mediaarchive.cern.ch/MediaArchive/Video/Public/Movies/CERN/2008/CERN-MOVIE-2008-085/CERN-MOVIE-2008-085-001/CERN-MOVIE-2008-085-001-thumbnail-180x101-at-45-percent.jpg</subfield>
    <subfield code="x">jpgthumbnail</subfield>
    <subfield code="y">thumbnail 180x101 at 45 percent</subfield>
  </datafield>
  <datafield tag="856" ind1="7" ind2=" ">
    <subfield code="2">MediaArchive</subfield>
    <subfield code="u">https://mediaarchive.cern.ch/MediaArchive/Video/Public/Movies/CERN/2008/CERN-MOVIE-2008-085/CERN-MOVIE-2008-085-001/CERN-MOVIE-2008-085-001-thumbnail-180x101-at-55-percent.jpg</subfield>
    <subfield code="x">jpgthumbnail</subfield>
    <subfield code="y">thumbnail 180x101 at 55 percent</subfield>
  </datafield>
  <datafield tag="856" ind1="7" ind2=" ">
    <subfield code="2">MediaArchive</subfield>
    <subfield code="u">https://mediaarchive.cern.ch/MediaArchive/Video/Public/Movies/CERN/2008/CERN-MOVIE-2008-085/CERN-MOVIE-2008-085-001/CERN-MOVIE-2008-085-001-thumbnail-180x101-at-65-percent.jpg</subfield>
    <subfield code="x">jpgthumbnail</subfield>
    <subfield code="y">thumbnail 180x101 at 65 percent</subfield>
  </datafield>
  <datafield tag="856" ind1="7" ind2=" ">
    <subfield code="2">MediaArchive</subfield>
    <subfield code="u">https://mediaarchive.cern.ch/MediaArchive/Video/Public/Movies/CERN/2008/CERN-MOVIE-2008-085/CERN-MOVIE-2008-085-001/CERN-MOVIE-2008-085-001-thumbnail-180x101-at-75-percent.jpg</subfield>
    <subfield code="x">jpgthumbnail</subfield>
    <subfield code="y">thumbnail 180x101 at 75 percent</subfield>
  </datafield>
  <datafield tag="856" ind1="7" ind2=" ">
    <subfield code="2">MediaArchive</subfield>
    <subfield code="u">https://mediaarchive.cern.ch/MediaArchive/Video/Public/Movies/CERN/2008/CERN-MOVIE-2008-085/CERN-MOVIE-2008-085-001/CERN-MOVIE-2008-085-001-thumbnail-180x101-at-85-percent.jpg</subfield>
    <subfield code="x">jpgthumbnail</subfield>
    <subfield code="y">thumbnail 180x101 at 85 percent</subfield>
  </datafield>
  <datafield tag="856" ind1="7" ind2=" ">
    <subfield code="2">MediaArchive</subfield>
    <subfield code="u">https://mediaarchive.cern.ch/MediaArchive/Video/Public/Movies/CERN/2008/CERN-MOVIE-2008-085/CERN-MOVIE-2008-085-001/CERN-MOVIE-2008-085-001-thumbnail-180x101-at-95-percent.jpg</subfield>
    <subfield code="x">jpgthumbnail</subfield>
    <subfield code="y">thumbnail 180x101 at 95 percent</subfield>
  </datafield>
  <datafield tag="859" ind1=" " ind2=" ">
    <subfield code="f"></subfield>
  </datafield>
  <datafield tag="960" ind1=" " ind2=" ">
    <subfield code="a">85</subfield>
  </datafield>
  <datafield tag="963" ind1=" " ind2=" ">
    <subfield code="a">PUBLIC</subfield>
  </datafield>
  <datafield tag="970" ind1=" " ind2=" ">
    <subfield code="a">AVW.clip.1128</subfield>
  </datafield>
  <datafield tag="970" ind1=" " ind2=" ">
    <subfield code="d">https://videos.cern.ch/record/1128123</subfield>
  </datafield>
  <datafield tag="980" ind1=" " ind2=" ">
    <subfield code="a">PUBLVIDEOMOVIE</subfield>
  </datafield>
  <datafield tag="980" ind1=" " ind2=" ">
    <subfield code="b">VIDEOMEDIALAB</subfield>
  </datafield>
  <datafield tag="980" ind1=" " ind2=" ">
    <subfield code="c">MIGRATED</subfield>
  </datafield>
</record>

</collection>